000 00449nam a22001817a 4500
999 _c48825
_d48825
003 OSt
005 20260106120845.0
008 250828b ||||| |||| 00| 0 eng d
020 _a9789369100699
040 _cCLC
082 _a242
_bSHA/S
100 _aSharma,Bhuvnesh
245 _aScience of Consciousness in Shriram Charit Manas
250 _a1st Edition
260 _aBhopal
_bIndra Publishing House
_c2025
300 _a151p.
942 _cBK